[Event "Reunion op 03rd"]
[Site "Etang Sale"]
[Date "2000.11.02"]
[Round "6"]
[White "Marciano, David"]
[Black "Stromer, Alexander"]
[Result "0-1"]
[WhiteElo "2522"]
[BlackElo "2263"]
[PlyCount "56"]
[EventDate "2000.10.28"]
[EventType "swiss"]
[EventRounds "9"]
[EventCountry "FRA"]
[SourceTitle "EXT 2001"]
[Source "ChessBase"]
[SourceDate "2000.11.22"]
[SourceVersion "1"]
[SourceVersionDate "2000.11.22"]
[SourceQuality "1"]

1. e4 e6 2. d4 d5 3. Nd2 Nc6 4. Ngf3 Nf6 5. Bd3 Nb4 6. e5 Nd7 7. Be2 c5 8. c3 Nc6 9. Nf1 Be7 10. Ng3 f6 11. exf6 Nxf6 12. 0-0 0-0 13. Bd3 Bd6 14. Be3 b6 15. Rc1 Bd7 16. Re1 Kh8 17. Bb1 Ng4 18. Bg5 Qc7 19. Nh4 e5 20. Nhf5 Nxf2 21. Kxf2 e4 22. Kg1 Bxf5 23. Nf1 Bg6 24. Bh4 Rf5 25. Bg3 Raf8 26. dxc5 Bxc5+ 27. Kh1 Qf7 28. c4 Bh5 0-1

[Event "FRA-ch Accession"]
[Site "Vichy"]
[Date "2000.08.26"]
[Round "9"]
[White "Stromer, Alexander"]
[Black "Perez, Flavio"]
[Result "1-0"]
[WhiteElo "2263"]
[BlackElo "2121"]
[PlyCount "59"]
[EventDate "2000.08.16"]
[EventType "swiss"]
[EventRounds "11"]
[EventCountry "FRA"]
[SourceTitle "EXT 2001"]
[Source "ChessBase"]
[SourceDate "2000.11.22"]
[SourceVersion "1"]
[SourceVersionDate "2000.11.22"]
[SourceQuality "1"]

1. d4 d5 2. c4 c6 3. Nc3 Nf6 4. Nf3 dxc4 5. a4 Bf5 6. Ne5 Nbd7 7. Nxd7 Qxd7 8. f3 e6 9. e4 Bg6 10. Bxc4 Bb4 11. 0-0 0-0 12. a5 c5 13. d5 Bxc3 14. bxc3 exd5 15. exd5 Rfd8 16. Qb3 Qf5 17. Rd1 Rd7 18. Ba3 Rc8 19. Ra2 b6 20. axb6 axb6 21. d6 Rb8 22. Bc1 Ne8 23. Qb5 Qb1 24. Qxb1 Bxb1 25. Rb2 Bg6 26. Bf4 Rbb7 27. Bb5 Rd8 28. Bc6 Rbb8 29. Bxe8 Rxe8 30. d7 1-0

[Event "FRA-chT2O 9899"]
[Site "France"]
[Date "1999.01.??"]
[Round "5"]
[White "Crut, Aurelien"]
[Black "Stromer, Alexander"]
[Result "1-0"]
[WhiteElo "2164"]
[BlackElo "2256"]
[PlyCount "61"]
[EventDate "1998.??.??"]
[EventType "team-tourn"]
[EventRounds "9"]
[EventCountry "FRA"]
[SourceTitle "EXT 2002"]
[Source "ChessBase"]
[SourceDate "2001.11.25"]
[SourceVersion "1"]
[SourceVersionDate "2001.11.25"]
[SourceQuality "1"]

1. e4 Nc6 2. d4 d5 3. e5 f6 4. exf6 exf6 5. Bf4 Bd6 6. Bxd6 Qxd6 7. c3 Bf5 8. Bd3 Nge7 9. Ne2 0-0-0 10. 0-0 Kb8 11. Re1 h5 12. Na3 g5 13. Ng3 Bg4 14. Qc2 Qd7 15. f3 Be6 16. Re2 h4 17. Nf1 Bf7 18. Nd2 Rdg8 19. Nb3 b6 20. Ba6 Ka8 21. Bb5 Qd6 22. c4 a6 23. c5 bxc5 24. dxc5 Qf4 25. Bxa6 Nf5 26. Bb5 Ncd4 27. Nxd4 Qxd4+ 28. Rf2 Bg6 29. Bc6+ Kb8 30. Qb3+ Kc8 31. Re1 1-0

[Event "FRA-chT"]
[Site "France"]
[Date "1998.04.03"]
[Round "5"]
[White "Rausis, Igors"]
[Black "Stromer, Alexander"]
[Result "1-0"]
[WhiteElo "2520"]
[BlackElo "2300"]
[PlyCount "101"]
[EventDate "1998.02.06"]
[EventType "team-tourn"]
[EventRounds "11"]
[EventCountry "FRA"]
[SourceTitle "CBM 064 Extra"]
[Source "ChessBase"]
[SourceDate "1998.07.07"]
[SourceVersion "1"]
[SourceVersionDate "1998.07.07"]
[SourceQuality "1"]

1. Nf3 d5 2. d4 c6 3. c4 Nf6 4. Qc2 e6 5. Nbd2 Nbd7 6. g3 Bd6 7. Bg2 0-0 8. 0-0 Re8 9. Rd1 Qe7 10. Nh4 c5 11. cxd5 cxd4 12. dxe6 Qxe6 13. Nb3 Qxe2 14. Qxe2 Rxe2 15. Nxd4 Re8 16. Nb5 Bb8 17. Nf5 Ne4 18. Be3 Ndf6 19. Nfd6 Bxd6 20. Nxd6 Nxd6 21. Rxd6 a5 22. Rc1 Be6 23. a3 Rad8 24. Rcd1 Rxd6 25. Rxd6 Ng4 26. Bd4 Bc4 27. Bc3 h5 28. Bxa5 Re2 29. Bf1 Rc2 30. Rd8+ Kh7 31. Rc8 Ne5 32. Rxc4 Rxc4 33. Bxc4 Nxc4 34. Bc3 b5 35. Kg2 Kg6 36. Kf3 Kf5 37. h3 g6 38. g4+ hxg4+ 39. hxg4+ Ke6 40. Ke4 f5+ 41. gxf5+ gxf5+ 42. Kd4 Nd6 43. f3 f4 44. Bd2 Kf5 45. Kc5 Nc4 46. Bc3 Ne3 47. Kxb5 Ng2 48. a4 Ke6 49. Kc6 Nh4 50. a5 Nxf3 51. a6 1-0

[Event "FRA-chT"]
[Site "France"]
[Date "1998.02.06"]
[Round "1"]
[White "Chabanon, Jean Luc"]
[Black "Stromer, Alexander"]
[Result "1-0"]
[WhiteElo "2465"]
[BlackElo "2300"]
[PlyCount "55"]
[EventDate "1998.02.06"]
[EventType "team-tourn"]
[EventRounds "11"]
[EventCountry "FRA"]
[SourceTitle "CBM 064 Extra"]
[Source "ChessBase"]
[SourceDate "1998.07.07"]
[SourceVersion "1"]
[SourceVersionDate "1998.07.07"]
[SourceQuality "1"]

1. d4 Nc6 2. e4 d5 3. Nc3 Nf6 4. e5 Nd7 5. h4 Nb6 6. h5 f6 7. f4 Bf5 8. g4 Be4 9. Nxe4 dxe4 10. c3 e6 11. Ne2 Be7 12. exf6 gxf6 13. Ng3 Qd5 14. Qb3 Rg8 15. Qxd5 Nxd5 16. Nxe4 Rxg4 17. Be2 Rg8 18. Bd2 h6 19. 0-0-0 f5 20. Nf2 Rg2 21. Rdf1 Bd6 22. Bf3 Rg3 23. Nd3 Be7 24. Rhg1 Rxg1 25. Rxg1 Kf7 26. c4 Nxd4 27. Ne5+ Kf8 28. cxd5 1-0

[Event "Cappelle op 11th"]
[Site "Cappelle la Grande"]
[Date "1995.??.??"]
[Round "3"]
[White "Petkevich, Jusefs"]
[Black "Stromer, Alexander"]
[Result "1-0"]
[WhiteElo "2460"]
[BlackElo "2250"]
[PlyCount "84"]
[EventDate "1995.03.??"]
[EventType "swiss"]
[EventRounds "9"]
[EventCountry "FRA"]
[SourceTitle "EXT 1997"]
[Source "ChessBase"]
[SourceDate "1996.11.15"]
[SourceVersion "1"]
[SourceVersionDate "1996.11.15"]
[SourceQuality "1"]

1. d4 d5 2. c4 c6 3. Nc3 Nf6 4. Nf3 e6 5. e3 Nbd7 6. Qc2 b6 7. Bd3 Bb7 8. 0-0 Be7 9. Rd1 0-0 10. b3 Qc7 11. Bb2 Rac8 12. Rac1 c5 13. cxd5 exd5 14. Bf5 g6 15. Bh3 Rcd8 16. Ba3 Rfe8 17. dxc5 bxc5 18. Na4 d4 19. Nxd4 Qe5 20. Nb5 h5 21. Bb2 Qb8 22. Bxd7 Rxd7 23. Bxf6 Rxd1+ 24. Rxd1 Bxf6 25. Nd6 Rd8 26. Nxb7 Rxd1+ 27. Qxd1 Qxb7 28. Nxc5 Qc6 29. Nd3 a5 30. h3 Kg7 31. Nf4 Be5 32. Nd5 Qc5 33. h4 Kh7 34. g3 Kg8 35. Kg2 Qc6 36. Qd3 Kg7 37. Qe4 Bb2 38. a4 Ba1 39. Qc4 Qe6 40. e4 Bb2 41. b4 axb4 42. Qxb4 Ba1 1-0

[Event "Cappelle op 11th"]
[Site "Cappelle la Grande"]
[Date "1995.??.??"]
[Round "4"]
[White "Stromer, Alexander"]
[Black "Bouaziz, Slim"]
[Result "1-0"]
[WhiteElo "2250"]
[BlackElo "2510"]
[PlyCount "65"]
[EventDate "1995.03.??"]
[EventType "swiss"]
[EventRounds "9"]
[EventCountry "FRA"]
[SourceTitle "EXT 1997"]
[Source "ChessBase"]
[SourceDate "1996.11.15"]
[SourceVersion "1"]
[SourceVersionDate "1996.11.15"]
[SourceQuality "1"]

1. e4 c5 2. Nf3 Nc6 3. d4 cxd4 4. Nxd4 Nf6 5. Nc3 d6 6. Be2 e5 7. Nf3 h6 8. h3 Be7 9. 0-0 Be6 10. Re1 0-0 11. Bf1 Qa5 12. Bd2 Qd8 13. b3 d5 14. exd5 Nxd5 15. Nxd5 Qxd5 16. c4 Qd6 17. Bc3 Qxd1 18. Raxd1 f6 19. Bd3 a5 20. Be4 Kf7 21. Nh4 Bb4 22. Bxb4 axb4 23. f4 Rfd8 24. f5 Bc8 25. Bxc6 Rxd1 26. Rxd1 bxc6 27. Rd6 c5 28. Rc6 Bd7 29. Rxc5 Rxa2 30. Rc7 Ke7 31. Rb7 Kd6 32. Rxb4 Ke7 33. c5 1-0

[Event "BL2-Sued 9394"]
[Site "Germany"]
[Date "1994.??.??"]
[Round "?.5"]
[White "Migl, Dieter"]
[Black "Stromer, Alexander"]
[Result "1-0"]
[WhiteElo "2265"]
[BlackElo "2245"]
[PlyCount "23"]
[EventDate "1993.10.??"]
[EventType "team-tourn"]
[EventRounds "9"]
[EventCountry "GER"]
[SourceTitle "GER-chT2"]
[Source "ChessBase"]
[SourceDate "1999.07.01"]
[SourceVersion "1"]
[SourceVersionDate "1999.07.01"]
[SourceQuality "1"]
[WhiteTeam "Stuttgart"]
[BlackTeam "Viernheim"]
[WhiteTeamCountry "GER"]
[BlackTeamCountry "GER"]

1. e4 Nc6 2. d4 d5 3. Nc3 e5 4. dxe5 d4 5. Nd5 f6 6. exf6 Nxf6 7. Bg5 Be6 8. Bxf6 gxf6 9. Bc4 Nb4 10. a3 Bxd5 11. exd5 Qe7+ 12. Kf1 1-0

[Event "Cappelle op 10th"]
[Site "Cappelle la Grande"]
[Date "1994.??.??"]
[Round "9"]
[White "Petran, Peter"]
[Black "Stromer, Alexander"]
[Result "1-0"]
[WhiteElo "2410"]
[BlackElo "2245"]
[PlyCount "53"]
[EventDate "1994.02.??"]
[EventType "swiss"]
[EventRounds "9"]
[EventCountry "FRA"]
[SourceTitle "EXT 1999"]
[Source "ChessBase"]
[SourceDate "1998.11.16"]
[SourceVersion "1"]
[SourceVersionDate "1998.11.16"]
[SourceQuality "1"]

1. g3 e5 2. Bg2 d5 3. d3 c6 4. Nf3 Bd6 5. 0-0 Nf6 6. Nbd2 0-0 7. e4 Bg4 8. h3 Bh5 9. Re1 Re8 10. c3 dxe4 11. dxe4 Bf8 12. a4 Nbd7 13. b4 a5 14. Qb3 b5 15. axb5 cxb5 16. Ba3 axb4 17. cxb4 Qb6 18. Bf1 Rab8 19. g4 Bg6 20. Nh4 Rb7 21. Nxg6 hxg6 22. Nb1 Rc8 23. Nc3 Qd4 24. Nxb5 Rxb5 25. Bxb5 Rc3 26. Qd1 Rg3+ 27. Kf1 1-0

[Event "Niedersachsen-Baden"]
[Site "Niedersachsen"]
[Date "1994.??.??"]
[Round "?"]
[White "Stromer, Alexander"]
[Black "Nagatz, Frank"]
[Result "1-0"]
[WhiteElo "2245"]
[BlackElo "2305"]
[PlyCount "117"]
[EventDate "1994.??.??"]
[EventType "team-tourn"]
[EventRounds "1"]
[EventCountry "GER"]
[SourceTitle "GER"]
[Source "ChessBase"]
[SourceDate "1999.07.01"]
[SourceVersion "1"]
[SourceVersionDate "1999.07.01"]
[SourceQuality "1"]

1. e4 c5 2. Nf3 d6 3. d4 cxd4 4. Nxd4 Nf6 5. f3 a6 6. c4 e6 7. Nc3 Be7 8. Be3 0-0 9. Be2 b6 10. 0-0 Bb7 11. Qd2 Nbd7 12. Rfd1 Rc8 13. Rac1 Rc7 14. Bf1 Qa8 15. Qf2 Rfc8 16. Na4 Qb8 17. Nb3 Bc6 18. Nxb6 Nxb6 19. Bxb6 Rb7 20. c5 Rxb6 21. cxb6 Bd8 22. Kh1 Bxb6 23. Qg3 e5 24. Bxa6 Rc7 25. Rxd6 Bb5 26. Rxc7 Qxc7 27. Rxb6 Qxb6 28. Bxb5 Qxb5 29. Qe1 Qd3 30. Qc1 g6 31. Nc5 Qe2 32. a4 Nh5 33. Nd7 h6 34. Nxe5 Nf4 35. Qg1 Qxb2 36. Nd7 Qa2 37. Nb6 Qb3 38. h3 Ne2 39. Qf2 Qd1+ 40. Kh2 Qd6+ 41. f4 Nxf4 42. g3 Nd3 43. Qe3 Ne5 44. Nd5 Qa6 45. Nc3 Qf1 46. g4 Nc4 47. Qd4 Qf4+ 48. Kh1 Ne3 49. Qd2 Qf3+ 50. Kg1 Qg3+ 51. Kh1 Qxh3+ 52. Kg1 Qg3+ 53. Kh1 Qh3+ 54. Kg1 Qg3+ 55. Kh1 Nxg4 56. Nd1 Qf3+ 57. Kg1 Qxe4 58. a5 Ne5 59. Kf2 1-0

[Event "BL2-Sued 9293"]
[Site "Germany"]
[Date "1993.??.??"]
[Round "?.4"]
[White "Stromer, Alexander"]
[Black "Dudek, Richard"]
[Result "0-1"]
[WhiteElo "2220"]
[BlackElo "2270"]
[PlyCount "132"]
[EventDate "1992.10.??"]
[EventType "team-tourn"]
[EventRounds "9"]
[EventCountry "GER"]
[SourceTitle "GER-chT2"]
[Source "ChessBase"]
[SourceDate "1999.07.01"]
[SourceVersion "1"]
[SourceVersionDate "1999.07.01"]
[SourceQuality "1"]
[WhiteTeam "Viernheim"]
[BlackTeam "Eppingen"]
[WhiteTeamCountry "GER"]
[BlackTeamCountry "GER"]

1. e4 c6 2. Ne2 d5 3. e5 g6 4. d4 Bg7 5. Nf4 e6 6. Bd3 Ne7 7. Nd2 b6 8. h4 h5 9. c3 Ba6 10. Bc2 Bh6 11. Nf3 c5 12. Ng5 Bxg5 13. hxg5 Kd7 14. dxc5 bxc5 15. Be3 Qc7 16. Nd3 Bxd3 17. Qxd3 c4 18. Qd2 Qxe5 19. 0-0 Nbc6 20. Bf4 Qg7 21. b3 Rhd8 22. bxc4 Ke8 23. cxd5 Nxd5 24. Ba4 Rac8 25. c4 Nc3 26. Qb2 Qd4 27. Be3 Nxa4 28. Bxd4 Nxb2 29. Bxb2 Na5 30. Bf6 Rd7 31. Rab1 Nxc4 32. Rfc1 Nb6 33. Rxc8+ Nxc8 34. Rc1 Nb6 35. a4 Rb7 36. Rb1 Rc7 37. a5 Nd7 38. Bd4 e5 39. Be3 Ke7 40. a6 Rc6 41. Bxa7 Rxa6 42. Rb7 Ke6 43. f3 Rd6 44. Kf2 Rd2+ 45. Kg3 Rd3 46. Kf2 Kf5 47. Ke2 Rd5 48. Be3 e4 49. f4 f6 50. Rb1 Nf8 51. Rb7 Ne6 52. Rf7 Nxf4+ 53. Kf1 Rd1+ 54. Kf2 Nd5 55. Ke2 Nxe3 56. gxf6 Rd3 57. Re7 Kxf6 58. Rxe4 Ra3 59. Rxe3 Rxe3+ 60. Kxe3 Kg5 61. Kf3 h4 62. Kf2 Kg4 63. Kg1 Kg3 64. Kh1 g5 65. Kg1 g4 66. Kh1 Kf2 0-1

[Event "Baden-NRW"]
[Site "Germany"]
[Date "1993.??.??"]
[Round "?"]
[White "Stromer, Alexander"]
[Black "Molinaroli, Martin"]
[Result "0-1"]
[WhiteElo "2220"]
[BlackElo "2295"]
[PlyCount "82"]
[EventDate "1993.??.??"]
[EventType "team-tourn"]
[EventRounds "1"]
[EventCountry "GER"]
[SourceTitle "GER"]
[Source "ChessBase"]
[SourceDate "1999.07.01"]
[SourceVersion "1"]
[SourceVersionDate "1999.07.01"]
[SourceQuality "1"]

1. e4 c6 2. Ne2 d5 3. e5 g6 4. d4 Na6 5. h4 h5 6. Nf4 Nc7 7. Bd3 Ne6 8. Nxg6 fxg6 9. Bxg6+ Kd7 10. f4 Ng7 11. f5 Kc7 12. 0-0 Nh6 13. e6 b6 14. Bf4+ Kb7 15. Qd3 Ng4 16. Nd2 Ne8 17. Nf3 Bh6 18. Ng5 Nd6 19. g3 Bxg5 20. hxg5 Ne4 21. Kg2 Qg8 22. Bf7 Qg7 23. c4 a6 24. cxd5 cxd5 25. Rac1 Ka7 26. f6 exf6 27. Rc7+ Bb7 28. Rfc1 fxg5 29. Bxh5 Qxc7 30. Bxc7 Rxh5 31. e7 Rh2+ 32. Kf3 Ngf6 33. Rc2 Rhh8 34. Qb3 b5 35. a4 g4+ 36. Kf4 Nh5+ 37. Ke5 Rhe8 38. axb5 Rxe7+ 39. Kf5 Rf8+ 40. Kxg4 Rg7+ 41. Kxh5 Rh8# 0-1

[Event "Viernheim"]
[Site "Viernheim"]
[Date "1992.??.??"]
[Round "2"]
[White "Rausis, Igors"]
[Black "Stromer, Alexander"]
[Result "1-0"]
[WhiteElo "2490"]
[BlackElo "2240"]
[PlyCount "81"]
[EventDate "1992.??.??"]
[EventType "tourn"]
[EventRounds "11"]
[EventCountry "GER"]
[EventCategory "4"]
[SourceTitle "CBM 033 Extra"]
[Source "ChessBase"]
[SourceDate "1993.05.01"]
[SourceVersion "1"]
[SourceVersionDate "1993.05.01"]
[SourceQuality "1"]

1. Nf3 d5 2. d4 e6 3. c4 Nf6 4. Nc3 Be7 5. cxd5 exd5 6. Bg5 c6 7. Qc2 0-0 8. e3 Nbd7 9. Bd3 Re8 10. 0-0 Nf8 11. a3 Bg4 12. Ne5 Bh5 13. Rae1 N6d7 14. Bxe7 Rxe7 15. Nxd7 Qxd7 16. b4 Qd6 17. Ne2 Bg6 18. Ng3 a5 19. Bxg6 hxg6 20. Rb1 axb4 21. axb4 b5 22. Rfc1 Re6 23. Ne2 g5 24. h3 Nd7 25. Ra1 Rxa1 26. Rxa1 g6 27. Ra7 Rf6 28. Nc1 g4 29. hxg4 Qxb4 30. Rxd7 Qe1+ 31. Kh2 g5 32. Nd3 Rh6+ 33. Kg3 Qh1 34. Rd8+ Kg7 35. Qc5 Qh4+ 36. Kf3 Rf6+ 37. Ke2 Qxg4+ 38. Kd2 Qxg2 39. Qf8+ Kg6 40. Qg8+ Kf5 41. Qh7+ 1-0

[Event "Viernheim"]
[Site "Viernheim"]
[Date "1992.??.??"]
[Round "6"]
[White "Schmitt, Christian"]
[Black "Stromer, Alexander"]
[Result "1-0"]
[WhiteElo "2265"]
[BlackElo "2240"]
[PlyCount "57"]
[EventDate "1992.??.??"]
[EventType "tourn"]
[EventRounds "11"]
[EventCountry "GER"]
[EventCategory "4"]
[SourceTitle "CBM 033 Extra"]
[Source "ChessBase"]
[SourceDate "1993.05.01"]
[SourceVersion "1"]
[SourceVersionDate "1993.05.01"]
[SourceQuality "1"]

1. d4 d5 2. Nf3 Bf5 3. c4 e6 4. cxd5 exd5 5. Qb3 Nc6 6. Nc3 Nf6 7. Bg5 Qd6 8. Bxf6 gxf6 9. Qxd5 Qxd5 10. Nxd5 0-0-0 11. Nc3 Nxd4 12. Nxd4 Rxd4 13. e3 Rd7 14. Rd1 Rxd1+ 15. Kxd1 Bb4 16. Bc4 Rg8 17. g3 Rg5 18. h4 Bg4+ 19. Kc2 Rf5 20. f4 Bh5 21. Bd3 Ra5 22. Bxh7 f5 23. e4 Bxc3 24. Kxc3 fxe4 25. Bxe4 Rxa2 26. Bf5+ Kd8 27. g4 Ra5 28. b4 Rd5 29. Be4 1-0